| 000 | 01239cam a22003133a 4500 | ||
|---|---|---|---|
| 001 | 1106 | ||
| 005 | 20230831094803.0 | ||
| 020 | _a078073003990 | ||
| 040 |
_aDF9 _cDF9 _dOHI _dOCL _dDLC _beng |
||
| 050 | 0 | 0 | _aPZ7.D128 |
| 082 | _aFic | ||
| 100 | 1 | _aDadey, Debbie. | |
| 245 | 1 | 4 |
_aThe Bride of Frankenstein doesn't bake cookies / _cby Debbie Dadey and Marcia Thornton Jones ; illustrated by John Steven Gurney. |
| 260 |
_aNew York : _bScholastic, _c2000. |
||
| 300 |
_a75 pages : _billustrations _c20 cm |
||
| 490 | 1 |
_aAdventures of the Bailey School kids ; _vBook 41 |
|
| 500 | _a"Little Apple paperback"--T.p. | ||
| 505 | _aQ | ||
| 520 | _a"There are some pretty weird grown-ups living in Bailey City. But is the strange new cookie chef at the ice rink really the Bride of Frankenstein? The Bailey School kids are going to find out!"--Cover. | ||
| 521 | 0 |
_a660
_bLexile |
|
| 521 | 1 |
_aQ
_bRaz-Plus |
|
| 650 | 0 |
_aBailey School kids (Fictitious characters) _vJuvenile fiction. |
|
| 650 | 0 |
_aSchool _vJuvenile fiction. |
|
| 655 | 7 |
_aChildren's stories. _2lcsh |
|
| 700 | 1 | _aJones, Marcia Thornton. | |
| 700 | 1 |
_aGurney, John Steven, _d1962- |
|
| 906 |
_a7 _bcbc _ccopycat _d2 _encip _f20 _gy-genrareb |
||
| 942 |
_2ddc _cBK _n0 |
||
| 999 |
_c1106 _d1106 |
||